Trend špeciál umenie investovať
Automobily. Byty. Cestovanie. Potápanie. Počítače. Víno. Haute couture. Investície do oddanosti.
Guardado en:
| Formato: | Capítulo de libro |
|---|---|
| Lenguaje: | eslovaco |
| Materias: | |
| Etiquetas: |
Sin Etiquetas, Sea el primero en etiquetar este registro!
|
MARC
| LEADER | 00000naa$a2200000$$$4500 | ||
|---|---|---|---|
| 001 | 0036674 | ||
| 005 | 20231009082216.0 | ||
| 041 | 0 | |a slo | |
| 044 | |a SK | ||
| 245 | 1 | 0 | |a Trend špeciál |b umenie investovať |
| 520 | |a Automobily. Byty. Cestovanie. Potápanie. Počítače. Víno. Haute couture. Investície do oddanosti. | ||
| 610 | 2 | 0 | |a investície |
| 610 | 2 | 0 | |a investovanie |
| 610 | 2 | 0 | |a automobily |
| 610 | 2 | 0 | |a byty |
| 610 | 2 | 0 | |a dovolenka |
| 610 | 2 | 0 | |a šport |
| 610 | 2 | 0 | |a počítače |
| 610 | 2 | 0 | |a víno |
| 610 | 2 | 0 | |a zvieratá |